Las invariantes pedagógicas : guía práctica de la escuela moderna.

Сохранить в:
Библиографические подробности
Главный автор: Freinet, Celestin (autor)
Формат:
Язык:испанский
Серии:(Biblioteca de la escuela modena ; no. 2)
Предметы:
Метки: Добавить метку
Нет меток, Требуется 1-ая метка записи!

MARC

LEADER 00000cam^a2200000uu^4500
001 000475153
005 20250521000000.0
008 050901s1972^^^^^^^^^^^^rd^r^^000^0^spa^d
009 20260310124756.144
035 |a FCE 000018017 
035 |a FCE 020195 
037 |a Acervo ITESO - Biblioteca 
041 |a spa 
082 0 4 |a 371.393  |b F662i 
100 |a Freinet, Celestin  |e (autor) 
245 1 4 |a Las invariantes pedagógicas :  |b guía práctica de la escuela moderna. 
264 |a Barcelona :  |b Laia,  |c 1972. 
300 |a 71 p. 
336 |a texto  |b txt  |2 rdacontenido 
337 |a sin mediación  |b n  |2 rdamedio 
338 |a volumen  |b nc  |2 rdasoporte 
440 0 |a (Biblioteca de la escuela modena ;  |v no. 2) 
649 |a XX 
650 |a Desarrollo del niño 
650 |a Guía 
650 |a Técnica de enseñanza 
650 |a Actitud del niño 
650 |a Educación moderna 
650 |a Técnica 
650 |a Escuela nueva 
650 |a Pedagogía 
910 |a Fondo Centro de Estudios Educativos 
920 |a Impresos - Libros 
930 |a Fondos Especiales 
905 |a 133 
901 |a ALE020195  |b IT2  |c CEE  |u 20250521 
902 |a https://opac.biblio.iteso.mx/vufind/Record/000475153